| 000 | 00925nam a2200217 a 4500 | ||
|---|---|---|---|
| 008 | 090317s2003 ||||||||||||||||| || u | ||
| 020 | _a0521531624 | ||
| 050 | _aQA 446 Cha | ||
| 100 | _aPritchard, Chris, 1954- | ||
| 245 | 1 | 4 |
_aThe changing shape of geometry: celebrating a century of geometry and geometry teaching _cedited on behalf of the Mathematical Association by Chris Pritchard. |
| 260 |
_aCambridge: _bCambridge University P _c2003. |
||
| 300 | _axvii, 541p.: ill. | ||
| 350 | _a0.00 | ||
| 490 | _aMathematical Association of America. Spectrum series | ||
| 650 | _aGEOMETRY--HISTORY | ||
| 650 | _aGeometry | ||
| 650 | _aGEOMETRY--FAMOUS PROBLEMS | ||
| 650 | 0 | _aMATHEMATICAL REACTIONS | |
| 650 | 0 | _aMATHEMATICS--HANDBOOKS, MANUALS, ETC | |
| 995 |
_D0.00 _FCBU-MAIN LIBRARY (Kitwe) _H1 _I0.00 _M1 _UAVAILABLE _WApr 6, 2009 _ZMain Library Open Access Collection |
||
| 999 |
_c37092 _d37092 |
||